Marco político-institucional de las contralorías de servicios en Costa Rica /
El artículo reseña la evolución político-jurídica de las contralorías en la escena institucional de Costa Rica. Si bien un decreto ejecutivo plantea los aspectos más formales y elementales de un sistema de contralorías de servicios, la carencia de una ley y de un marco institucional integral generan...
Збережено в:
| Автор: | |
|---|---|
| Формат: | Текст |
| Предмети: | |
| Теги: |
Додати тег
Немає тегів, Будьте першим, хто поставить тег для цього запису!
|
MARC
| LEADER | 00000 a a2200000 04500 | ||
|---|---|---|---|
| 001 | 13771 | ||
| 003 | |||
| 040 | |||
| 100 | |a Abarca Rodríguez, Allan | ||
| 245 | |a Marco político-institucional de las contralorías de servicios en Costa Rica / |c Allan Abarca Rodríguez | ||
| 520 | |a El artículo reseña la evolución político-jurídica de las contralorías en la escena institucional de Costa Rica. Si bien un decreto ejecutivo plantea los aspectos más formales y elementales de un sistema de contralorías de servicios, la carencia de una ley y de un marco institucional integral generan vacios de lo que debe ser una valiosa instancia de control vertical, que en forma acelerada se impulsa en el país. | ||
| 590 | |a RRA/JUNIO2011 | ||
| 650 | |a 1.SERVICIOS PUBLICOS | ||
| 650 | |a 2.CONTROL DE CALIDAD | ||
| 650 | |a 3.LEGISLACION | ||
| 650 | |a 4.COSTA RICA | ||
| 773 | |g volumen 87, número 2; | ||
| 999 | |c 35343 |d 35343 | ||
